Estadísticas para Países más Visitados por los Chinos

Haz click aquí para intentar la prueba.

Estadísticas generales

  • Esta prueba ha sido intentada 1.522 veces
  • La puntuación promedio es 11 de 14

Estadísticas de respuestas

# de turistasPaís% Correcto
553,846Estados Unidos
98%
1,394,203Japón
97%
619,294Francia
92%
3,546,921Corea del Sur
90%
413,333Australia
86%
497,453Italia
83%
397,611Alemania
80%
2,884,539Tailandia
80%
646,048Indonesia
79%
440,683Vietnam
78%
2,671,350Taiwán
70%
677,836Malasia
68%
990,159Singapur
62%
436,771Suiza
25%

Distribución de puntuación

Porcentaje por número respondido

Porcentaje de gente con cada puntuación

Historial de tus puntuaciones

No has intentado esta prueba.